Üzleti kommunikáció Konfliktusok kialakulása és konfliktuskezelés
| Szerző: | |
|---|---|
| További közreműködők: | |
| Dokumentumtípus: | Projektmunka |
| Kulcsszavak: | belső kommunikáció fejlesztése belső vállalati folyamatok kommunikáció az üzleti életben konfliktus konfliktuskezelés megoldásközpontúság |
| Online Access: | http://dolgozattar.uni-bge.hu/59814 |
MARC
| LEADER | 00000nnm a2200000 i 4500 | ||
|---|---|---|---|
| 001 | dolg59814 | ||
| 005 | 20260409145610.0 | ||
| 008 | 260409suuuu hu o 000 hun d | ||
| 040 | |a BGE Dolgozattár Repozitórium |b hun | ||
| 041 | |a hu | ||
| 100 | 1 | |a Fülöp Virág Anna | |
| 245 | 1 | 0 | |a Üzleti kommunikáció |b Konfliktusok kialakulása és konfliktuskezelés |c Fülöp Virág Anna |h [elektronikus dokumentum] |
| 516 | |a Project_work | ||
| 520 | 3 | |a Projektmunkám témájának az üzleti kommunikációt, azon belül is a konfliktuskezelést választottam. Hozzám közelálló témaként esett erre a választásom, ugyanis a szakmai gyakorlatomat egy olyan cégnél töltöttem el, ahol kifejezetten nagy hangsúlyt fordítottak a megfelelő kommunikáció elsajátítására és annak helyes használatának átadására a munkatársak számára.A konfliktus a szervezeti működés természetes velejáró, melyek leggyakrabban a kommunikációs és struktúrális különbségekben nyilvánulnak meg, esetlegesen eltérő célok és érdekek okozhatják. Igaz, gyakran negatív értelemben gondolunk a konfliktusokra, egy cégen belül viszont, megfelelő kezelés mellett, kifejezetten hasznos és innovatív lehet egy konfliktus.Projektmunkámban a konfliktusok kialakulásának okait mutatom be, illetve azoknak megfelelő kezelését. | |
| 695 | |a belső kommunikáció fejlesztése | ||
| 695 | |a belső vállalati folyamatok | ||
| 695 | |a kommunikáció az üzleti életben | ||
| 695 | |a konfliktus | ||
| 695 | |a konfliktuskezelés | ||
| 695 | |a megoldásközpontúság | ||
| 700 | 1 | |a Merliot-Almássy Dr. Eszter |e ths | |
| 856 | 4 | 0 | |u http://dolgozattar.uni-bge.hu/59814/1/%C3%9Czleti%20kommunik%C3%A1ci%C3%B3_Konfliktusok%20kialakul%C3%A1sa%20%C3%A9s%20konfliktuskezel%C3%A9s.pdf |z Dokumentum-elérés |
| 856 | 4 | 0 | |u http://dolgozattar.uni-bge.hu/59814/2/eredetisegi-nyilatkozat.pdf |z Dokumentum-elérés |
| 856 | 4 | 0 | |u http://dolgozattar.uni-bge.hu/59814/3/KM%20FOSZK%20b%C3%ADr%C3%A1lati%20lap_fulop_virag_anna.pdf |z Dokumentum-elérés |